000 00355nam a2200157Ia 4500
005 20250423101120.0
008 250422s9999 xx 000 0 und d
020 _a0914511351
050 _aAY 311.D3 T5/
245 0 _aTexas almanac
260 _aDallas
260 _bBelo Corp
260 _c2004
650 _aAlmanacs, American--Texas
942 _cBK
999 _c35335
_d35335